[Aïeule (Record no. 153662)

MARC details
000 -LEADER
campo de control de longitud fija 00823nam a22001935i 4500
001 - NÚMERO DE CONTROL
campo de control 153662
003 - IDENTIFICADOR DE NÚMERO DE CONTROL
campo de control ES-MaACL
005 - FECHA Y HORA DE LA ÚLTIMA TRANSACCIÓN
campo de control 20230906205329.0
008 - DATOS DE LONGITUD FIJA--INFORMACIÓN GENERAL
campo de control de longitud fija 041115s1864 fr |||| | fre d
040 ## - FUENTE DE CATALOGACIÓN
Centro catalogador/agencia de origen CAM
Lengua de catalogación spa
Centro/agencia transcriptor CAM
100 1# - ENTRADA PRINCIPAL--NOMBRE DE PERSONA
Nombre de persona Ennery, Adolphe d'.
9 (RLIN) 47251
245 11 - MENCIÓN DEL TÍTULO
Título [Aïeule
Resto del título : drame en cinq actes et en 3 tableaux /
Mención de responsabilidad, etc. par MM. Ad. d'Ennery et Charles Edmond Chojecki].
260 ## - PUBLICACIÓN, DISTRIBUCIÓN, ETC.
Lugar de publicación, distribución, etc. Paris :
Nombre del editor, distribuidor, etc. Michel Lévy,
Fecha de publicación, distribución, etc. 1864 (
Fabricante Imprimerie de L. Toinon et C.)
300 ## - DESCRIPCIÓN FÍSICA
Extensión 111 p. ;
Dimensiones 19 cm.
500 ## - NOTA GENERAL
Nota general Représenté pour la première fois à Paris, sur la scène de l'Ambigu-comique, le 17 octobre 1863.
500 ## - NOTA GENERAL
Nota general Ejemp. falto de port., datos tomados de la BN Opale-plus.
700 11 - ENTRADA AGREGADA--NOMBRE PERSONAL
Nombre de persona Chojecki, Charles-Edmond.
9 (RLIN) 126487
852 ## - LOCALIZACIÓN
Ubicación ES-MaACL
Número de control de estantería F-8809(2)
Nota libre -- Enc. hol.
condición física -- Falto de port. y de la cub. original
Holdings
Estatus retirado Estado de pérdida Estado de daño No para préstamo Colección Biblioteca de origen Biblioteca actual Ubicación en estantería Fecha de adquisición Fuente de adquisición Total de préstamos Signatura topográfica completa Código de barras Visto por última vez Precio de reemplazo Tipo de ítem Koha
        Libros del s. XIX Biblioteca del Ateneo de Madrid Biblioteca del Ateneo de Madrid Sala Pecera Planta 2 17/01/2008     F-8809(2) 1160643 23/02/2023 23/02/2023 Libro impreso antiguo